000 02180nam a2200325Ia 4500
005 20180124150753.0
008 130821s1598 sp a fr lat
040 _aCo-BoUCM
_bspa
_cSandra Yazo (modificó)
_dSandra Yazo (modificó)
041 0 _alat
082 0 4 _a272.2
_220
092 _aE12N058
100 1 _aParamo, Luis de
_dd. ca. 1544
_990952
242 0 0 _aTratado en tres libros sobre el origen y desarrollo del ministerio de la Santa Inquisición; sobre su importancia y utilidad; sobre la potestad del Romano Pontífice delegada en los inquisidores
_cAutor Luis de Paramo
_yspa
245 1 0 _aDe origine et progressu officii Sanctae Inquisitionis eiusque dignitate et utilitate, de Romani Pontificis potestate et delegata inquisitorum ... libri tres
_cAutore Ludonico à Paramo
260 _aMadrid (España)
_bEx typographia Regia
_c1598
300 _a[120], 887 páginas
_bilustraciones
500 _aDetalles físicos (copia 2): Ejemplar deteriorado por la humedad, manchado en sus hojas, conserva portada, texto completo, varias anotaciones en guardas posterior.
500 _aDetalles físicos (Copia1): Encuadernación en pergamino en regular estado de conservación, descuadernado. Guarda delantera. Conserva la portada, sencilla impresa a una sola tinta con un buen grabado calcográfico (reproduce el escudo de la Inquis
500 _aPrimo tomo indica el índice, fecha de publicación se confirma en el colofón.
505 0 _aLibro Primero: Pecado e infidelidad de Adán. ; Cómo procedió Dios con Adán y cómo procede el Santo Oficio. ; Los herejes e idólatras que aparecen en el Antiguo Testamento. -- Libro Segundo: La investigación por delegación. ; Propagación de la In
506 _aConsulta en sala.
546 _aTexto en latín
610 _aIglesia Católica
_xInquisición
_xObras anteriores a 1600
_97705
650 _aHerejía
_xObras anteriores a 1600
_916762
650 _aHistoria eclesiástica
_xObras anteriores a 1600
_916937
650 _aInquisición
_xObras anteriores a 1600
_917719
650 _aReligión
_923497
710 2 _aEspaña (Madrid)
_bimprenta Real
_990953
942 _cLIBRO
_a4
_e1
_2LOCAL
_hE12N058
999 _c74916
_d74916